Normal view
MARC view
- Mujeres
Entry Materia
001 - NÚMERO DE CONTROL DEL REGISTRO
- campo de control: 9123
003 - IDENTIFICADOR DE NUMERO DE CONTROL
- campo de control: MX-MxUPN
005 - FECHA Y HORA DE LA ÚLTIMA TRANSACCIÓN
- campo de control: 20231101101358.0
008 - DATOS DE LONGITUD FIJA
- campo de control de longitud fija: 231101na fnannbabn b ana |d
035 ## - NÚMERO DE CONTROL DEL SISTEMA
- Número de control del sistema: UPN10000009129
040 ## - FUENTE DE LA CATALOGACIÓN
- Lengua de catalogación: spa
- Centro catalogador de origen: MX-MxUPN
150 ## - ENCABEZAMIENTO - TEMÁTICO
- Término de materia o nombre geográfico como elemento inicial: Mujeres
- Subdivisión de materia general: Educación superior
670 ## - FUENTE EN LA QUE SE LOCALIZARON DATOS
- Cita de la fuente: LC Authorities, 1 de noviembre 2023 :
- Información localizada: (Women - Education (Higher))
- Identificador Uniforme del Recurso: https://lccn.loc.gov/sh85060757
902 ## - CATALOGADOR
- Catalogador: CAA/070308
- Catalogador: VíctorGodínez/011123
